[Event "Spring Chess Classic 2017-C"]
[Site "Saint Louis"]
[Date "2017.05.24"]
[Round "10"]
[White "Nyzhnyk, Illya"]
[Black "Stukopin, Andrey"]
[Result "1/2-1/2"]
[WhiteElo "2610"]
[BlackElo "2586"]
[Annotator "TA"]
[PlyCount "60"]
[EventDate "2017.??.??"]
[EventType "tourn"]
[EventCountry "USA"]
[SourceTitle "playchess.com"]
[Source "ChessBase"]
[SourceQuality "1"]

{[%evp 18,60,0,0,0,9,7,4,0,0,0,-10,-11,-7,-5,-10,-8,-6,-10,-24,-15,-4,-6,-8,0,0,0,0,0,0,0,0,0,0,0,0,0,0,0,0,0,0,0,0,0]} 1. d4 Nf6 2. Nf3 d5 3. c4 e6 4. Nc3 dxc4 5. e4 Bb4 6. Bxc4 {D24: Queen's Gambit Accepted: 3 Nf3 Nf6 4 Nc3} Nxe4 7. O-O Nxc3 8. bxc3 Be7 (8... Bd6 9. Bg5 Be7 10. Bxe7 Qxe7 11. Re1 O-O 12. Ne5 Nd7 13. Nxf7 Nb6 {1-0 (49) Nakamura,H (2779)-Caruana,F (2823) Saint Louis 2016}) 9. Re1 O-O 10. Ne5 {LiveBook: 4 Games} Nc6 11. Qg4 f5 12. Nxc6 (12. Qf3 {looks sharper.} Na5 13. Bb3 Nxb3 14. axb3 a5 15. Bf4) 12... fxg4 13. Nxd8 Rxd8 14. Bxe6+ Bxe6 15. Rxe6 {[#]} Re8 $146 16. Bf4 Bd6 17. Rxe8+ Rxe8 18. Bxd6 cxd6 $11 {[%mdl 4096] Endgame KR-KR} 19. Rb1 {The position is equal.} b6 20. Kf1 Kf7 21. a4 Ke6 22. a5 bxa5 23. Ra1 Rc8 24. Rxa5 Rxc3 25. Rxa7 Kf6 26. Rd7 Rc6 27. Ke2 h5 28. g3 g6 29. Kd3 Ke6 30. Rg7 Kf6 {Precision: White = 80%, Black = 79%.} 1/2-1/2

[Event "Spring Chess Classic 2017-C"]
[Site "Saint Louis"]
[Date "2017.05.24"]
[Round "10"]
[White "Sevian, Samuel"]
[Black "Li, Ruifeng"]
[Result "1/2-1/2"]
[WhiteElo "2585"]
[BlackElo "2574"]
[Annotator "TA"]
[PlyCount "116"]
[EventDate "2017.??.??"]
[EventType "tourn"]
[EventCountry "USA"]
[SourceTitle "playchess.com"]
[Source "ChessBase"]
[SourceQuality "1"]

{[%evp 21,116,14,15,4,10,16,14,19,22,22,11,19,17,0,0,0,0,-12,0,-63,0,0,21,14,48,51,77,83,131,136,172,162,172,161,154,163,164,158,177,177,210,208,197,192,208,197,201,203,225,203,210,175,187,198,198,183,191,174,168,172,333,371,329,328,316,314,431,411,576,564,507,472,445,305,334,327,327,312,320,312,312,305,305,291,291,274,273,233,226,0,0,0,0,0,0,0,0]} 1. e4 c5 2. Nf3 d6 3. d4 cxd4 4. Nxd4 Nf6 5. Nc3 a6 6. Be3 e5 7. Nb3 Be6 8. f3 h5 9. Qd2 Nbd7 10. O-O-O Rc8 11. Kb1 Be7 12. g3 {B90: Sicilian Najdorf: Unusual White 6th moves, 6 Be3 Ng4 and 6 Be3 e5} (12. Bd3 Qc7 13. h3 h4 14. f4 b5 15. Rhe1 Bc4 16. fxe5 dxe5 17. Nd5 Nxd5 18. exd5 Bxd3 19. Qxd3 Qc4 {1-0 (27) Shirov,A (2683)-Delgado Ramirez,N (2615) Florianopolis 2017}) 12... b5 13. Nd5 Nxd5 14. exd5 Bf5 15. Bd3 Bxd3 16. Qxd3 O-O 17. h3 Bg5 18. f4 $36 {[%mdl 2048] White fights for an advantage.} Bh6 19. Qe2 $146 ({Predecessor:} 19. f5 e4 {0-1 (52) Berg,E (2364)-Akesson,R (2535) Lidkoeping 1999}) 19... Qc7 (19... Re8 $5 {[%cal Re5f4]} 20. Qxh5 a5 $11) 20. Rd2 (20. Rhe1 $11) 20... Qc4 ({Black should play} 20... Rfe8 $15 21. Qxh5 a5) 21. Qxh5 $11 Nf6 22. Qd1 Ne4 23. Rg2 a5 24. Re1 a4 25. fxe5 $1 axb3 26. cxb3 Nc3+ ({Not} 26... Qb4 $2 27. Bxh6 f5 28. a3 $18) 27. bxc3 Qe4+ 28. Qc2 Qxe5 29. Bd2 Qf6 {intending ...Bxd2.} 30. Bxh6 Rxc3 31. Rf2 Rxc2 {[%csl Gc2][%cal Rf6b2]} 32. Rxf6 Rg2 33. Rxd6 gxh6 $18 {[%mdl 4096] Endgame KRR-KRR} 34. Rc6 ({Don't take} 34. Rxh6 $6 Ra8) 34... Rxg3 35. Rd1 Rxh3 36. d6 {d7 is the strong threat.} Rd8 37. Rc5 b4 38. Rc4 $1 f5 39. Rxb4 Kf7 40. a4 {[%cal Ba2a4,Ba4a5][%mdl 32]} Rc3 $2 (40... Ke6 41. Rb6 f4) 41. Kb2 Rc6 42. Rb7+ Kf6 43. d7 $1 Ke7 44. a5 f4 (44... Ra6 {was worth a try.} 45. Rb5 Rd6) 45. b4 {[%cal Bb3b4,Bb4b5][%mdl 32]} f3 46. b5 Rd6 47. Rf1 R8xd7 48. Rxd7+ Kxd7 49. Rxf3 {KR-KR} Rd5 50. Rb3 $1 Kc7 51. Ka3 Rg5 {[#] If only Black now had time for ...Kb7....} 52. b6+ $1 Kb8 53. Ka4 {And now Rd3 would win.} Kb7 {[#]} 54. Rb4 $1 {Strongly threatening a6+!} Rg1 55. Kb3 $2 (55. Rc4 $18 {Intending Rc7+ and mate.} Ka6 56. Rc5) 55... Ka6 $11 {The position is equal.} 56. Kc2 {Black must now prevent b7.} Rg8 57. b7 Rb8 58. Rb6+ Kxa5 {Precision: White = 79%, Black = 53%.} 1/2-1/2

[Event "Spring Chess Classic 2017-C"]
[Site "Saint Louis"]
[Date "2017.05.24"]
[Round "10"]
[White "Ramirez, Alejandro"]
[Black "Shimanov, Alex"]
[Result "1/2-1/2"]
[WhiteElo "2550"]
[BlackElo "2642"]
[Annotator "TA"]
[PlyCount "61"]
[EventDate "2017.??.??"]
[EventType "tourn"]
[EventCountry "USA"]
[SourceTitle "playchess.com"]
[Source "ChessBase"]
[SourceQuality "1"]

{[%evp 26,61,12,4,14,13,0,0,0,0,0,0,9,0,0,-7,-3,-24,-14,-25,-8,-8,0,-4,0,-9,-2,-12,0,0,0,0,8,0,2,0,0,0]} 1. e4 e5 2. Nf3 Nc6 3. Bb5 Nf6 4. O-O Nxe4 5. Re1 Nd6 6. Nxe5 Be7 7. Bf1 Nxe5 8. Rxe5 O-O 9. d4 Bf6 10. Re1 Re8 {C67: Ruy Lopez: Berlin Defence: 4 0-0 Nxe4} 11. Rxe8+ (11. c3 Rxe1 12. Qxe1 Ne8 13. Bf4 d5 14. Bd3 g6 15. Nd2 c6 16. Nf3 Ng7 17. Qe2 Bf5 18. Bxf5 Nxf5 {½-½ (64) Topalov,V (2741)-So,W (2822) Shamkir 2017}) 11... Nxe8 12. c3 d5 13. Bd3 g6 14. Bf4 {LiveBook: 4 Games} Ng7 15. Nd2 c6 16. Qe2 {[#]} Qe7 $146 ({Predecessor:} 16... Nh5 17. Bh6 Bg7 18. Bxg7 Nxg7 {½-½ (29) Idani,P (2563)-Vidit,S (2673) Moscow 2017}) 17. Qxe7 Bxe7 18. Re1 Be6 19. h3 Re8 20. Nf3 f6 21. Re2 Kf7 22. Kf1 (22. Bc7 {with more complications.} Rc8 23. Bh2 Rh8 24. a4 g5 25. a5) 22... Bf5 (22... g5 {is more complex.} 23. Bh2 h5 24. Ne1 h4 25. Kg1 Rg8) 23. Bxf5 {The position is equal.} Nxf5 24. Ne1 g5 25. Bh2 h5 26. g4 hxg4 27. hxg4 Nh4 28. Re3 Bf8 29. Rxe8 Kxe8 30. Bg3 Ng6 31. Nd3 {Precision: White = 68%, Black = 57%.} 1/2-1/2